000 00651cab a2200229 4500
001 WB3004-41
008 090401t1994 xxu||||| |||| 00| 0 eng d
035 _a(Sirsi) u58595
041 _aeng
245 _aRussian land registry
260 _c1994
350 _a0
490 _aEstates News
_v1(29) January 1994, 6(1)
520 _aThe Russians have chosen US computer systems for the creation of the world`s largest land registry, to be completed by 1997.
650 _aDELL COMPUTER CORPORATION
650 _aLAND REGISTRATION
650 _aRUSSIA
690 _aLAND
690 _aOVERSEAS-EUROPE
942 _n0
948 _c04/03/1997
999 _c35807
_d35807